Hospodárska korešpondencia pre 3. ročník OA

Bibliographic Details
Main Authors: Jancíková, Ľudmila (Author), Kotrusová, Mária (Author)
Format: Book
Language:Slovak
PhysicalDescription:119 s. fotogr., tab. 30 cm
Published: Bratislava Elán 2000
ISBN:8085331179
Edition:3. vyd.
Subjects:

MARC

LEADER 00000cam a2200000 a 4500
001 vtls001394392
003 SK-MaSNL
005 20260301071538.0
008 240226s2000 xo op frp 000 0 slo
015 |a SNBA2000/10-03475 
020 |a 8085331179 
035 |a SNK000348720 
035 |a urn:nbn:sk:snk-amyem9 
035 |a urn:nbn:sk:snk-am00cf9u 
035 |a DE891A43-ADF5-4D36-BEF2-5F7BBAB3410B 
040 |a SNK  |b slo  |c SNK  |e AACR2 
041 0 |a slo 
044 |a xo  |c SK 
080 |a 651.7(075.3)  |2 1981 
100 1 |a Jancíková, Ľudmila  |4 aut  |9 303147 
245 1 0 |a Hospodárska korešpondencia pre 3. ročník OA  |c Ľudmila Jancíková, Mária Kotrusová 
250 |a 3. vyd. 
260 |a Bratislava  |b Elán  |c 2000 
300 |a 119 s.  |b fotogr., tab.  |c 30 cm 
504 |a Bibliogr. s. 118. Zoz. 
650 0 7 |a obchodná korešpondencia  |2 SNKPH  |9 878 
655 7 |a učebnice stredných škôl  |2 SNKPH  |9 69323 
700 1 |a Kotrusová, Mária  |4 aut  |9 303148 
919 |a 80-85331-17-9 
958 |a TL 
958 |a UC 
958 |a NB 
958 |a OND 
999 |c 638164  |d 640094 
952 |t P60, <09>, [BOOK], {629}  |a SNK  |b SNK  |y NEVYP  |7 0  |o snkB 278  |i snk912/20000821  |0 0  |1 0  |4 0  |d 2000-08-18  |l 0  |r 2005-01-02 00:00:00  |w 2026-02-23 
952 |t P60, <03>, [BOOK], {603}  |a SNK  |b SNK  |y PREZ  |7 0  |p 17A0249033  |o snkSB 62187  |i snkKSP 8494/2000  |0 0  |1 0  |4 0  |d 2000-08-18  |f 1  |l 0  |r 2025-04-11 00:00:00  |w 2026-02-23 
952 |t P60, <04>, [BOOK], {604}  |a SNK  |b SNK  |y VYP  |7 0  |p 17A0249034  |o snkSB 62187 D1  |i snkKSP 8495/2000  |0 0  |1 0  |4 0  |d 2000-08-18  |l 0  |r 2005-01-02 00:00:00  |w 2026-02-23